000 00506nam a2200193 a 4500
001 1766566528704
003 YourLibrary
005 20251226115023.0
008 251224s1989##################000#0#eng##
020 _a9780691008318
082 0 4 _a270.2
_bHER
100 1 _aHerrin, Judith,
_eauthor.
245 1 0 _aThe Formation of Christendom :
260 _bPrinceton University Press,
_c1989.
300 _a560 pages
650 0 _aHistory.
942 _cENGLISH
040 _aYourLibrary
_beng
_cYourLibrary
999 _c604768
_d604768